top 10 des pays avec les taux de fertilité les plus bas au monde - Statistiques

Statistiques générales
  • Ce quiz a été pris 30 fois
  • Le résultat moyen est 4 sur 10
Statistiques - réponses
Taux de fertilité (enfants/femme) Pays % Correct
≈ 1,3 Japon
93%
≈ 0,7 Corée du Su
83%
≈ 1,2 Italie
53%
≈ 1,2 Espagne
47%
≈ 1,2 Ukraine
40%
≈ 1,3 Grèce
37%
≈ 0,9 Taiwan
37%
≈ 0,8 Singapour
30%
≈ 0,8 Hong Kon
10%
≈ 0,8 Macao
3%
Aucun quiz correspondant
Distribution des résultats
% des personnes avec chaque résultat
Percentile par nombre de réponses
Votre historique - résultats
Vous n’avez pas pris ce quiz